00347nam a2200145Ia 4500008004100000020001500041041001200056082001600068100001700084245003900101260002400140300000800164650001400172700001500186221030s9999 xx 000 0 und d a0074638947 aEnglish a105.23bSiv aC. Sivakumar 0aManagement of Information Services bTMHaNew Delhic203 a295 aComputers aK.S. Babai